000 00481nam a2200181Ia 4500
008 100921s9999 xx 000 0 und d
082 _b13871
_a820 ढ 05
100 _aChalmer Alexznder.
245 _aMerchant Of Venice.
260 _b---
_c1805
300 _a550
_b---
365 _b0
520 _aललित इंग्रजी.
630 _aMerchant Of Venice.
650 _aललित इंग्रजी.
730 _aMerchant Of Venice.
942 _cBOOK
999 _c762984
_d762981